Sigles et acronymes - Statistiques

Statistiques générales
  • Ce quiz a été pris 570 fois
  • Le résultat moyen est 41 sur 73
Statistiques - réponses
Hint Réponse % Correct
A
95%
National
93%
National
93%
CDD Contrat
92%
ONU Organisation
92%
Durée
91%
Déterminée
90%
Non
89%
OVNI Objet
89%
SNCF Société
89%
SARL Société
89%
Identifié
88%
Volant
88%
Nations
87%
Unies
84%
INSEE Institut
82%
Nationale
80%
CAF Caisse
78%
RER Réseau
76%
CROUS Centre
75%
CNRS Centre
75%
Régional
74%
Régional
74%
Régional
74%
Familiales
73%
Allocations
71%
Radio
70%
Recherche
68%
TER Transport
66%
International
64%
AOC Appellation
61%
Monétaire
61%
Origine
61%
FMI Fonds
60%
Jeune
60%
Scientifique
60%
Contrôlée
58%
Paris
58%
RMI Revenu
58%
NRJ Nouvelle
54%
Français
53%
Limitée
48%
Transports
48%
Express
46%
Express
46%
Minimum
46%
Parisiens
46%
Responsabilité
46%
Statistique
46%
Chemins de fer
45%
CAPES Certificat
39%
Economique
39%
Hôpitaux
38%
Aptitude
36%
Etudes
35%
Télévision
35%
Universitaires
34%
Enseignement
31%
Insertion
28%
ARTE Association
25%
PTT Postes
24%
Publique
24%
Autonome
23%
RATP Régie
23%
Européenne
20%
Professorat
18%
Secondaire
18%
APHP Assistance
17%
Oeuvres
16%
Scolaires
14%
Téléphones
14%
Télégraphes
12%
Relative
5%
Aucun quiz correspondant
Distribution des résultats
% des personnes avec chaque résultat
Percentile par nombre de réponses
Votre historique - résultats
Vous n’avez pas pris ce quiz